000 00407nam a2200181Ia 4500
005 20250423101314.0
008 250422s9999 xx 000 0 und d
020 _a0-375-41482-7
050 _aLB3045.7.R38
100 _aDiane Ravitch
245 4 _aThe Language Police
260 _aNew York
260 _bAlied A. Knope
260 _c2003
300 _a255 p
650 _aCensorship
942 _cBK
999 _c35914
_d35914